000 00466nam a2200157 a 4500
001 000029517
005 20200930055616.0
008 110418s1994 dr 000 0 spa d
040 _aDO-SdBNP
_bspa
_cBNPHU
082 _axxxx
_bC399f
110 2 _aCentro de Planificación y Acción Ecuménica
_954119
245 1 0 _aCEPAE :
_bfilosofía, estrategias y políticas.
260 _aSanto Domingo :
_bEdiciones CEPAE,
_c1994.
300 _a44 p. ;
_c22 cm.
049 _aBNPD
999 _c29009
_d29009